Tallers i cursos per adults 2004
Descripción Física:
15 p. ; 21 cm
Otros Autores:
Centre de Formació Permanent d'Osona Sud
MARC
| LEADER | 00000nam a2200000Ia 4500 | ||
|---|---|---|---|
| 001 | 24327 | ||
| 008 | 160829s2004 xx 000 0 cat d | ||
| 080 | |a FU-64-142 | ||
| 245 | |a Tallers i cursos per adults 2004 | ||
| 260 | |a Barcelona : |b Centre de formació Permanent d'Osona Sud, |c 2004 | ||
| 300 | |a 15 p. ; |c 21 cm | ||
| 650 | |a Educació d'adults |x Barcelona (Província) |9 50436 | ||
| 700 | |a Centre de Formació Permanent d'Osona Sud |9 50439 | ||
| 710 | |a Barcelona (Catalunya : Província). |b Àrea d'Educació |9 8009 | ||
| 710 | 1 | |a Centelles (Catalunya). |b Ajuntament |9 53927 | |
| 710 | 1 | |a Tona (Catalunya). |b Ajuntament |9 54638 | |
| 710 | 1 | |a Balenyà (Catalunya). |b Ajuntament |9 55240 | |
| 901 | |a Arxiu | ||
| 942 | |n 1 | ||
| 952 | |0 0 |1 0 |4 0 |6 FU64142 |7 1 |9 56035 |a Arxiu |b Arxiu |d 2016-12-01 |l 0 |o FU-64-142 |p 24327 |r 2016-12-01 00:00:00 |w 2016-12-01 |y ARXIU | ||
| 999 | |c 59909 |d 59909 | ||